000 00336nam a2200097Ia 4500
005 20250424112933.0
008 250424s9999 xx 000 0 und d
300 _av, 315 p. :ill. 24 cm.
650 _aNigeria--Economic policy--Periodicals. Nigeria--Social policy--Periodicals. Nigeria--Politics and government--Periodicals.
942 _cSR
999 _c37980
_d37980